000 01269nam a22003377a 4500
003 CSPC
005 20240627161700.0
008 210302t xxu||||| |||| 00| 0 eng d
040 _cCSPC
090 _aUTH BSECE B641i 2020
100 1 _aBongcayao, Brynay Y.,
_eauthor.
245 1 0 _aIOT-based water quality monitoring system for Lake Bato /
_cBrynar Y. Bongcayao [and 4 others].
260 _aNabua, Camarines Sur :
_bCamarines Sur Polytechnic Colleges
_c2020.
300 _a167 leaves
336 _2rdacontent
_atext
337 _2rdamedia
_aunmediated
338 _2rdacarrier
_avolume
502 _aUndergraduate Thesis (BSECE) - Electronics Engineering.
_cCamarines Sur Polytechnic Colleges, 2020.
504 _aIncludes bibliographical references.
700 1 _aDimanarig, Ariel U. Jr.,
_eauthor
700 1 _aIraola, Brien Aristotle S.,
_eauthor
700 1 _aLlorente, Rica Ann P.,
_eauthor
700 1 _aMatucad, Jan Kirby S.,
_eauthor
720 _aTerano, Harold Jan R.,
_eadviser.
720 _aIsaac, Victor Solito DR.
_epanelist, chair
720 _aOares, Christopher T.,
_epanelist.
720 _aMalapo, Vincent E.,
_epanelist.
940 _aLenie
942 _2ddc
_cUM
_hB641i
_iBSECE
_kUTH
_m2020
999 _c11208
_d11208